00000000nam 2200000zi 4500
0019.946630
003CaOODSP
00520250115130903
006m     o  d f      
007cr |n|||||||||
008250108e197709##oncbd   ob   f000 0 eng d
040 |aCaOODSP|beng|erda|cCaOODSP
043 |an-cn-yk|an-cn-nt
0861 |aEn57-46/33E-PDF
1001 |aEley, F. J., |eauthor.
24510|aAgroclimatic capability of southern portions of the Yukon Territory and MacKenzie District, N.W.T. / |cby F.J. Eley and B.F. Findlay.
264 1|aToronto : |bAtmospheric Environment Service, Meteorological Applications Branch, |cSeptember 1977.
300 |a1 online resource (224 pages in various pagings) : |bmaps, charts.
336 |atext|btxt|2rdacontent
337 |acomputer|bc|2rdamedia
338 |aonline resource|bcr|2rdacarrier
4901 |aProject report (Canada. Meteorological Applications Branch) ; |vno. 33
500 |aDigitized edition from print [produced by Environment and Climate Change Canada].
500 |aCover title.
500 |a"Prepared in the Meteorological Applications and Consultation Division, Toronto at the request of the Department of Indian and Northern Affairs, Northern Natural Resources and Environment Branch."
504 |aIncludes bibliographical references (pages 87-97).
650 0|aCrops and climate|zNorthwest Territories|zMackenzie.
650 0|aCrops and climate|zYukon.
651 0|aMackenzie (N.W.T.)|xClimate.
651 0|aYukon|xClimate.
651 6|aMackenzie (T.N.-O.)|xClimat.
651 6|aYukon|xClimat.
7101 |aCanada. |bMeteorological Applications Branch. |bApplications and Consultation Division, |eissuing body.
7101 |aCanada.|bIndian and Northern Affairs, |eissuing body.
7101 |aCanada. |bAtmospheric Environment Service, |eissuing body.
830#0|aProject report (Canada. Meteorological Applications Branch)|vno. 33.|w(CaOODSP)9.883702
85640|qPDF|s206,430 KB|uhttps://publications.gc.ca/collections/collection_2025/eccc/en57/En57-46-33-eng.pdf